Central Library OPAC University of Rajshahi

ভারতের দ্বিতীয় স্বাধীনতার সংগ্রাম : (Record no. 41106)

MARC details
000 -LEADER
fixed length control field 01071nam a2200217 a 4500
001 - CONTROL NUMBER
control field 41106
003 - CONTROL NUMBER IDENTIFIER
rucl marc code BD-RjUL
005 - DATE AND TIME OF LATEST TRANSACTION
control field 20211209053330.0
008 - FIXED-LENGTH DATA ELEMENTS--GENERAL INFORMATION
fixed length control field 160515s1983 ii ||||| |||| 00| 0 ben d
035 ## - SYSTEM CONTROL NUMBER
System control number (BD-RjUL)41222
040 ## - CATALOGING SOURCE
Original cataloging agency BD-RjUL
Language of cataloging ben
Transcribing agency BD-RjUL
041 ## - LANGUAGE CODE
Language code of text/sound track or separate title ben
082 ## - DEWEY DECIMAL CLASSIFICATION NUMBER
Edition number 23
Classification number 954.035
Author mark and year DAV 1983
100 ## - MAIN ENTRY--PERSONAL NAME
Personal name দত্ত, ভূপেন্দ্রনাথ
9 (RLIN) 124112
245 10 - TITLE STATEMENT
Title ভারতের দ্বিতীয় স্বাধীনতার সংগ্রাম :
Remainder of title অপ্রকাশিত রাজনীতিক ইতিহাস-প্রথম খণ্ড /
Statement of responsibility, etc. ভূপেন্দ্রনাথ দত্ত
260 ## - PUBLICATION, DISTRIBUTION, ETC. (IMPRINT)
Place of publication, distribution, etc. কলিকাতা :
Name of publisher, distributor, etc. নবভারত,
Date of publication, distribution, etc. ১৯৮৩
300 ## - PHYSICAL DESCRIPTION
Pagination [১০], ২৩২ পৃ. ;
Size ১৮ সেমি.
650 ## - SUBJECT ADDED ENTRY--TOPICAL TERM
Topical term or geographic name as entry element National liberation movements
General subdivision History
Chronological subdivision 1858-1947
Geographic subdivision India
9 (RLIN) 126450
Topical term or geographic name as entry element জাতীয় স্বাধীনতা আন্দোলন
General subdivision ইতিহাস
Chronological subdivision ১৮৫৮-১৯৪৭
Geographic subdivision ভারত
9 (RLIN) 126451
942 ## - ADDED ENTRY ELEMENTS (KOHA)
Source of classification or shelving scheme Dewey Decimal Classification
Koha item type Books
Holdings
Lost status Source of classification or shelving scheme Damaged status Not for loan Collection code Permanent Location Current Location Shelving location Date acquired Source of acquisition Cost, normal purchase price Total Checkouts Full call number Date last seen Copy number Koha item type Date checked out
  Dewey Decimal Classification     Non-fiction Central Library, University of Rajshahi Central Library, University of Rajshahi   24/06/1997 Dhaka : Paragon Enterprise 15.00   B 954.035 DAV 1983 15/05/2016 C-2 Books  
  Dewey Decimal Classification     Non-fiction Central Library, University of Rajshahi Central Library, University of Rajshahi   24/06/1997 Dhaka : Paragon Enterprise 15.00 2 B 954.035 DAV 1983 19/10/2016 C-3 Books 22/08/2016